Culture Générale - Série 2555 - Statistiques

Statistiques générales
  • Ce quiz a été pris 135 fois
  • Le résultat moyen est 6 sur 10
Statistiques - réponses
Question Réponse % Correct
Quelle est la capitale de la Lettonie ? Riga
94%
Quelle est la capitale de la Lituanie ? Vilnius
88%
De quel pays est originaire le jeu de go ? voir photo Chine
85%
De quel continent est originaire l'oiseau appelé " lori " ? Océanie
72%
Dans l'Église catholique, qui dirige un diocèse ? évêque
71%
Sur quel grand fleuve peut on voir des bateaux appelés " felouque " ? Nil
67%
Quel reptile est appelé "serpent de verre " ? orvet
29%
Obtenir (qqch.) sans le libre consentement du détenteur (par la force, la menace ou la ruse )- 9 lettres commençant par " e " extorquer
20%
Quelle fleur peut s'appeler poète ou barbu ? oeillet
20%
1. Habituer un équipage à la mer, aux manœuvres, au régime du bord. 2. Envoyer des hommes pour remplacer l'équipage d'un bâtiment pris sur l'ennemi.- 8 lettres commençant par " a " amariner
4%
Aucun quiz correspondant
Distribution des résultats
% des personnes avec chaque résultat
Percentile par nombre de réponses
Votre historique - résultats
Vous n’avez pas pris ce quiz